000 004500000a22001690004500
003 LK-CoMWRAF
008 230817t ||||| |||| 00| 0 eng d
020 _a8275481392
040 _aLK-CoMWRAF
_dLK-CoMWRAF
_eLK-CoMWRAF
041 _aeng
082 _a300
_bWOR
245 _aA world wide cooperation
_bNorwegian support to selected nationaal machineries for the
260 _aOslo
_bNORAD
_c1995
300 _ap.30
650 _awomen
942 _cBK
999 _c2226
_d2226